000 00270nam a2200109Ia 4500
008 200302s9999 xx 000 0 und d
100 _aLin Cotton
245 _aHow to Design & Build Decks & Patios
260 _bOrtho Books Publishers
260 _c1979
300 _a111 P.,
999 _c1745
_d1745